Neo-Nazismus und Majdanek-Prozess
| Titel: | Neo-Nazismus und Majdanek-Prozess : eine Debatte im israelischen Parlament am 14. März 1978 ; mit einer Dokumentation des Schreibens des Vorsitzenden der Knesset an den Präsidenten des Deutschen Bundestages ... / bearb. u. hrsg. ... v. Reiner Bernstein |
|---|---|
| Beteiligt: | |
| Veröffentlicht: | Warburg : Hermes, 1978 |
| Umfang: | 107 S. |
| Format: | Buch |
| Sprache: | Deutsch |
| Schriftenreihe/ mehrbändiges Werk: |
Schriften / Deutsch-Israelischer Arbeitskreis für Frieden im Nahen Osten e.V ; 1 |
| RVK-Notation: | |
| ISBN: | 3922032001 |
alg: 5286657 001A $03004:31-07-97 001B $06055:27-02-26 $t18:40:33.000 001C $00077:20-04-07 $t14:25:30.000 001D $09999:99-99-99 001U $0utf8 001X $00 002@ $0Aar 003@ $0052866572 003O $0174246518 $aOCoLC 004A $03-922032-00-1 006G $0780460898 006U $078,A47,0228 007A $0052866572 $aHEB 007T $0Herdhh052866572 007T $0FBauInsta0003705 010@ $ager 011@ $a1978 013D $RQuellenforschung $#History Sources $#Sources $#Histoire Sources $#Sources $#Historia Fuentes $#Akten Formschlagwort $#Augenzeugenbericht Formschlagwort $#Texte Formschlagwort $#Historische Quelle $#Geschichtsquelle $#Quellensammlung $#Quellen $D20251120 $Ecgmnf $74135952-5 $8Quelle [Tsz] $9085503576 013H $0z 021A $aNeo-Nazismus und Majdanek-Prozess $deine Debatte im israelischen Parlament am 14. März 1978 ; mit einer Dokumentation des Schreibens des Vorsitzenden der Knesset an den Präsidenten des Deutschen Bundestages ... $hbearb. u. hrsg. ... v. Reiner Bernstein 028C $7122513037 $8Bernstein, Reiner$Z1939-2021 [Tp1] $9153660724 033A $pWarburg $nHermes 034D $a107 S. 036E $aSchriften / Deutsch-Israelischer Arbeitskreis für Frieden im Nahen Osten e.V $l1 036F $x11 $8Schriften / Deutsch-Israelischer Arbeitskreis für Frieden im Nahen Osten e.V $9002060566 $l1 044F $aParlamentsdebatte 044F $bIsrael044F $aNeofaschismus 044F $bMajdanek 044F $aAntisemitismus 044F $aKriegsverbrecherprozess 044F $aNationalsozialistische Straftat 044K $RPalästina $RIsrael $#Israel $#Israel $#Israel $#Medinat Jisrael $#Yiśraʾel $#Ereṣ Yiśraʾel $#Israël $#Etat d'Israël $#State of Israel $#Yiśrāʾēl $#Ereṣ Yiśrāʾēl $#Medînat Yiśrā'ēl $#Isrāʾīl $#Izrael $D20251120 $Ecgmnf $74027808-6 $8Israel [Tg1] $9085071153 044K $RRassismus $RFremdenfeindlichkeit $RJudenverfolgung $RAntijudaismus $#Antisemitism $#Antisémitisme $#Antisemitismus $#Antisemitismus $#Antisemitismus $#Judenfeindschaft $#Judenhass $D20251120 $Ecgmnf $74002333-3 $8Antisemitismus [Ts1] $9084997346 044K $RStrafverfahren $#Kriegsverbrecher Strafverfahren $D20251120 $Ecgmnf $74033154-4 $8Kriegsverbrecherprozess [Ts1] $9085088609 044K $RFaschismus $RRechtsradikalismus $#Fascism $#Fascisme $#Neofaschismus $D20251120 $Ecgmnf $74041597-1 $8Neofaschismus [Ts1] $9085114057 044K $#World War, 1939-1945 Atrocities $#Guerre mondiale (1939-1945) Atrocités $#Nationalsozialistische Straftat $#Nationalsozialismus Straftat $#Nationalsozialismus Verbrechen $#NS-Verbrechen $#Nazi-Verbrechen $#Drittes Reich Nationalsozialistisches Verbrechen $D20251120 $Ecgmnf $74075228-8 $8Nationalsozialistisches Verbrechen [Ts1] $9085212288 044K $RKriegsverbrecherprozess $#Majdanek Trial, Düsseldorf, Germany, 1975-1981 $D20251120 $Ecgmnf $74258254-4 $8Majdanek-Prozess [Ts1] $9086373277 044K $#הכנסת, ישראל $#hak- @Keneset Israel $#Israell, hā- Knesset $#hā- @Knesset Israel $#Israel, al- Kinīsit $#al- @Kinīsit Israel $#Israel, Knesseth $#Israel, Knesset $#Knesset Israel $D20251120 $Ecgmnf $7506404-1 $8Israel$bhak- Keneset [Tb1] $9041467078 044K $RPolitische Auseinandersetzung $#Legislative bodies Freedom of debate $#Parlements Liberté de parole $#Parlamentsdebatte $#Parlamentsdebatte $#Debatte Parlament $D20251120 $Ecgmnf $74173376-9 $8Parlamentsdebatte [Ts1] $9085804576 045E $b06a $b04a 045F $a900.943709043 $eDDC23BSB 045F/01 $a900 045F/03 $f09043 045F/03 $f09044 045F/03 $g437 045G $a909.049240943 $eDDC23BSB 045G/01 $a909.04924 045G/03 $g43 045Z $D20251120 $Ecgmnf $8MG 15388 [Tkv] $941045639X lok: 5286657 3 101B $004-09-17 $t13:47:00.000 101C $029-02-16 101U $0utf8 145S/01 $a007 145S/06 $a760 145S/07 $a770 145S/11 $ajep 145Z/01 $a905 Gu 0460 Deutschland 145Z/02 $a900 T 100 De 5592 exp: 5286657 3 1 #EPN 201B/01 $020-08-14 $t06:55:35.000 201U/01 $0utf8 203@/01 $0617554684 206W/01 $0UB1-s9420461 208@/01 $a01-01-11 $brAa 209A/01 $a81.715.65 $du $f000 $h81 715 65 $x00 209B/01 $aStUB-Retro $x05 209G/01 $a81715653 $x00 209U/01 $qimage/gif $A2 $3Katalogkarte der UB Frankfurt $uhttp://resolver.hebis.de/retro/s9420461 $mV:DE-603;B:DE-30 247C/01 $8601000-3 <30>Frankfurt, Universitätsbibliothek J. C. Senckenberg, Zentralbibliothek (ZB) $9102598258 lok: 5286657 24 101B $002-10-09 $t16:55:06.000 101C $031-07-97 101U $0utf8 145Z/01 $a26 7 N 145Z/02 $a3 3 F 145Z/03 $a57 Israel 145Z/04 $a36 8 M 31 exp: 5286657 24 1 #EPN 201B/01 $027-10-08 $t15:36:29.000 201C/01 $031-07-97 201U/01 $0utf8 203@/01 $0113919824 208@/01 $a31-07-97 $br 209A/01 $a26 VII N 2 $du $f050 $h26 7 N 2 $x00 209C/01 $aK 79 0560 $h79 0560 K 209G/01 $a72301471 $x00 247C/01 $8358050-7 Marburg, Bibliothek des Herder-Instituts Marburg $9102600961 lok: 5286657 78 exp: 5286657 78 1 #EPN 201B/01 $019-04-17 $t18:10:20.000 201U/01 $0utf8 203@/01 $079338981X 208@/01 $a12-11-16 $be 209A/01 $a/ $f000 $x00 237A/01 $aweiterführende Signatur(en): Herder-Institut: 26 VII N 2 244Z/01 $2Trx $#Kesk- ja Ida- Euroopa kontseptsioonid $#Vidurio Europos koncepcijos $#East-Central Europe $#Keletközépeurópa-eszmék $#Europa Środkowo-Wschodnia koncepcje $#Európa stredovýchodná koncepcie $#Evropa střední, východní část koncepce $#Mitteleuropa $#Osteuropakonzeptionen $#Europa Środkowa koncepcje $#Stredná Európa koncepcie $#Střední Europa koncepce $8--Trx--Ostmitteleuropakonzeptionen $x01 $9391364286 244Z/01 $2Trx $#dzieło zbiorowe $8--Trx--Sammelwerk $x02 $9391384597 245Z/01 $a06.04.03 $x01 247C/01 $82080>Marburg/Lahn, Herder-Institut, Forschungsbibliothek, Bibliographieportal $9336309341 lok: 5286657 106 101B $012-09-18 $t17:53:04.000 101C $012-09-18 101U $0utf8 145Z/01 $aNS-Prozesse/Prozesse vor deutschen Gerichten exp: 5286657 106 1 #EPN 201B/01 $012-09-18 $t17:53:04.000 201C/01 $012-09-18 201U/01 $0utf8 203@/01 $01029711070 208@/01 $a10-09-18 $br 209A/01 $aN 06 20 $ds $f000 $hN 06 0020 $x00 209C/01 $a02401 247C/01 $82508>Frankfurt/M., Bibliothek des Fritz Bauer Instituts zur Geschichte und Wirkung des Holocaust $9403831741 lok: 5286657 204 exp: 5286657 204 1 #EPN 201B/01 $006-03-18 $t14:00:19.000 201C/01 $006-02-17 201U/01 $0utf8 203@/01 $0800975707 208@/01 $a06-02-17 $bzUB 209A/01 $aOSR 22.534.99 $di $f000 $h22 534 99 $x00 209G/01 $a22534998 $x00 245S/01 $a15000 $x01 245S/01 $a10000 $x02 247C/01 $8631000-x <26>Gießen, Universität Gießen, Universitätsbibliothek Gießen $9102596697 lok: 5286657 205 exp: 5286657 205 1 #EPN 201B/01 $019-11-15 $t10:54:26.000 201C/01 $009-02-01 201U/01 $0utf8 203@/01 $0151415560 208@/01 $a09-02-01 $br 209A/01 $a080 POL PD 400 n 3 $du $f000 $x00 209B/01 $a98 $x05 209C/01 $a524/79 209G/01 $a67741323 $x00 245Z/01 $a43620 $x02 247C/01 $8351000-1 <4>Marburg, Universität Marburg, Universitätsbibliothek $9102594767
| LEADER | 00000cam a22000002c 4500 | ||
|---|---|---|---|
| 001 | 052866572 | ||
| 003 | DE-603 | ||
| 005 | 20260227184033.0 | ||
| 007 | tu | ||
| 008 | 970731s1978 xx |||| | u00||u|ger | ||
| 015 | |a 78,A47,0228 |2 dnb | ||
| 016 | 7 | |2 DE-101 |a 780460898 | |
| 020 | |a 3922032001 | ||
| 035 | |a (DE-599)HEB052866572 | ||
| 035 | |a (OCoLC)174246518 | ||
| 040 | |a DE-603 |b ger |c DE-603 |d DE-603 | ||
| 041 | |a ger | ||
| 082 | 0 | 4 | |8 1\u |a 900.943709043 |q DE-101 |2 23/BSB |
| 083 | 0 | |8 2\u |a 909.049240943 |q DE-101 |2 23/BSB | |
| 084 | |a 06a |a 04a |q DE-101 |2 sdnb | ||
| 084 | |a MG 15388 |0 (DE-625)122818:12130 |0 (DE-603)41045639X |2 rvk | ||
| 085 | |8 1\u |b 900 | ||
| 085 | |8 1\u |z 1 |s 09043 | ||
| 085 | |8 1\u |z 1 |s 09044 | ||
| 085 | |8 1\u |z 2 |s 437 | ||
| 085 | |8 2\u |b 909.04924 | ||
| 085 | |8 2\u |z 2 |s 43 | ||
| 245 | 0 | 0 | |a Neo-Nazismus und Majdanek-Prozess |b eine Debatte im israelischen Parlament am 14. März 1978 ; mit einer Dokumentation des Schreibens des Vorsitzenden der Knesset an den Präsidenten des Deutschen Bundestages ... |c bearb. u. hrsg. ... v. Reiner Bernstein |
| 264 | 1 | |a Warburg |b Hermes |c 1978 | |
| 300 | |a 107 S. | ||
| 490 | 1 | |a Schriften / Deutsch-Israelischer Arbeitskreis für Frieden im Nahen Osten e.V |v 1 | |
| 610 | 1 | 7 | |a Israel |b hak- Keneset |2 gnd |0 (DE-588)506404-1 |0 (DE-603)041467078 |
| 650 | 7 | |a Antisemitismus |0 (DE-588)4002333-3 |0 (DE-603)084997346 |2 gnd | |
| 650 | 7 | |a Kriegsverbrecherprozess |0 (DE-588)4033154-4 |0 (DE-603)085088609 |2 gnd | |
| 650 | 7 | |a Neofaschismus |0 (DE-588)4041597-1 |0 (DE-603)085114057 |2 gnd | |
| 650 | 7 | |a Nationalsozialistisches Verbrechen |0 (DE-588)4075228-8 |0 (DE-603)085212288 |2 gnd | |
| 650 | 7 | |a Majdanek-Prozess |0 (DE-588)4258254-4 |0 (DE-603)086373277 |2 gnd | |
| 650 | 7 | |a Parlamentsdebatte |0 (DE-588)4173376-9 |0 (DE-603)085804576 |2 gnd | |
| 650 | 7 | |a Parlamentsdebatte |2 local | |
| 650 | 7 | |a Neofaschismus |2 local | |
| 650 | 7 | |a Antisemitismus |2 local | |
| 650 | 7 | |a Kriegsverbrecherprozess |2 local | |
| 650 | 7 | |a Nationalsozialistische Straftat |2 local | |
| 651 | 7 | |a Israel |0 (DE-588)4027808-6 |0 (DE-603)085071153 |2 gnd | |
| 651 | 7 | |a Israel <Staat> |2 local | |
| 651 | 7 | |a Majdanek |2 local | |
| 655 | 7 | |a Quelle |2 gnd-content |0 (DE-588)4135952-5 |0 (DE-603)085503576 | |
| 700 | 1 | |a Bernstein, Reiner |d 1939-2021 |0 (DE-603)153660724 |0 (DE-588)122513037 |2 gnd | |
| 810 | 2 | 2 | |a Deutsch-Israelischer Arbeitskreis für Frieden im Nahen Osten |t Schriften |v 1 |w (DE-603)002060566 |w (DE-600)557128-5 |9 11 |7 as |
| 924 | 0 | |9 30 |a (DE-603)617554684 |b DE-30 |c HES |d c |g 81.715.65 | |
| 924 | 0 | |9 Mb 50 |a (DE-603)113919824 |b DE-Mb50 |c HES |d c |g 26 VII N 2 | |
| 924 | 0 | |9 2080 |a (DE-603)79338981X |b DE-2080 |c HES |d d |g / | |
| 924 | 0 | |9 2508 |a (DE-603)1029711070 |b DE-2508 |c HES |d d |g N 06 20 | |
| 924 | 0 | |9 26 |a (DE-603)800975707 |b DE-26 |c HES |d b |g OSR 22.534.99 | |
| 924 | 0 | |9 4 |a (DE-603)151415560 |b DE-4 |c HES |d c |g 080 POL PD 400 n 3 | |


